• 首页
  • 本馆介绍
  • 公告通知
  • 最新文献
  • 馆藏检索
  • 电子资源
  • 读者导购
  • 参考咨询
  • 我的图书馆
  • 登录
  • 详细信息显示
  • 放入我的书架
  • 预约/预借图书
  • 作者相关作品
  • 分类相关作品
  • 丛书相关作品
  • 出版社相关作品

书目信息

  • 表格格式
  • 工作单格式
  • 卡片格式
题名:
中国仿古建筑构造精解
    
 
作者: 田永复 编著
分册:  
出版信息: 北京   化学工业出版社  2017.8
页数: 310页
开本: 27cm
丛书名:
单 册:
中图分类: TU29
科图分类:
主题词: 仿古建筑--建筑设计--中国--现代
电子资源:
ISBN: 978-7-122-16714-9
000 00842nam0 2200241 450
001 0400004055
005 20171026103643.29
010    @a978-7-122-16714-9@b精装@dCNY85.00
100    @a20171023d2017 em y0chiy ea
101 0  @achi
102    @aCN@b110000
105    @aa z 000yy
106    @ar
200 1  @a中国仿古建筑构造精解@9zhong guo fang gu jian zhu gou zao jing jie@f田永复编著
205    @a第2版
210    @a北京@c化学工业出版社@d2017.8
215    @a310页@c图@d27cm
330    @a本书共分7章,分别介绍了中国仿古建筑的特色,中国仿古建筑木构架、屋面瓦作、围护结构、台基地面结构以及装饰装修等方面的知识,最后还就仿古建筑设计施工方面进行了点拨。
606 0  @a仿古建筑@x建筑设计@y中国@z现代
690    @aTU29@v5
701  0 @a田永复@9tian yong fu@4编著
801  0 @aCN@b91MARC@c20171023
905    @b1036831-5@dTU29@f5@e1279=2
    
    中国仿古建筑构造精解/田永复编著.-第2版.-北京:化学工业出版社,2017.8
    310页:图;27cm
    
    
    ISBN 978-7-122-16714-9(精装):CNY85.00
    本书共分7章,分别介绍了中国仿古建筑的特色,中国仿古建筑木构架、屋面瓦作、围护结构、台基地面结构以及装饰装修等方面的知识,最后还就仿古建筑设计施工方面进行了点拨。
●
相关链接 在E读中查询图书 在五车中查询图书 在当当中查询图书 在豆瓣中查询图书


正题名:中国仿古建筑构造精解     索取号:TU29/1279=2         预约/预借

序号 登录号 条形码 馆藏地/架位号 状态 备注
1 1036831   210368314   第二样本阅览室/ [索取号:TU29/1279=2] 在馆    
2 1036832   210368323   第三借阅区/ [索取号:TU29/1279=2] 在馆    
3 1036833   210368332   密集书库-生命科学系/ [索取号:TU29/1279=2] 在馆    
4 1036834   210368341   第三借阅区/ [索取号:TU29/1279=2] 在馆    
5 1036835   210368350   第三借阅区/ [索取号:TU29/1279=2] 在馆    
唐山师范学院图书馆 欢迎您!
大连网信软件有限公司© 版权所有